000 00524nam a2200205 a 4500
001 BRL_1787
005 20190320211352.0
008 300715s1966----mx-a######---#000-0#spa-#
041 _aspa
044 _amx
050 4 _aF1435
_b.H66 1966
245 1 0 _aHomenaje a Frans Blom
260 _aSan Cristóbal de las Casas, Chiapas
_b[NA-BOLOM]
_c1966
300 _a32 p.
_bil.
_c22 cm.
500 _aAu2019
600 1 4 _aBlom, Frans Ferdinand
_d1893-1963
_927879
650 1 4 _aMayas
_98077
902 _aGRL
942 _2lcc
_cB
999 _c10595
_d10595